00481 a2200169 450000100060000002000150000604000220002110000290004324000420007224500370011430000070015136200090015865000110016794200070017895201090018599900170029462542 a8532243940 cAnchieta - Pituba aBoulos Júnior, Alfredo10aImigrantes no Brasil (1870-1920)lpor10aImigrantes no Brasil (1870-1920) a390 a2000 4aBrasil cBK 00104070a91.1b91.1d2023-11-21l0o981 B764i BOU IMIp15508/PITr2023-11-21 18:31:02w2023-11-21yBK c62542d62542